00583nam a22001577a 4500008004100000020001500041050002300056100002000079245008000099250001200179260005400191300006400245650006500309650002700374700002400401160921b xxu||||| |||| 00| 0 eng d a0130618950 aQA 11.5b.A64 2002 aAmeis, Jerry A. aMathematics on the internet:baresourcs for K-12 teachers/cJerry A. Ameis  a2nd ed. aUpper saddle river:bMerril prentice hall;c2002. aix,130p. :ill. ;bIncludes bibliographical referencesc15cm aMathematicsxstudy and teachingycpmputer network resources. aInternet in education. aEbenezer, Jazlin V.